00992nam a2200241 i 4500001000300000100002500003245013900028260006900167300003600236490009200272500001900364504001400383650004200397650002400439650002200463650001600485830008100501040000800582041001100590080001000601008004100611856009800652bg1 aPODEDWORNA, Jolanta.10aZintegrowane usuwanie azotu i fosforu w reaktorze SBR z długotrwałym dawkowaniem ścieków poprzez selektor /cJolanta Podedworna. aWarszawa :bOficyna Wydawnicza Politechniki Warszawskiej,c2002. a144 s. :brys., wykr. ;c24 cm.1 aPrace Naukowe. Inżynieria Środowiska / Politechnika Warszawska,x1234-4338 ;vz. 41 aStreszcz. ang. aBibliogr. 9aOczyszczalnia ścieków biologiczna 9aŚciekixbiochemia 9aReaktory porcjowe 9aOsad czynny 0aPrace Naukowe - Politechnika Warszawska.pInżynieria Środowiska ;vz. 41 cBPK0 aplben a628.3 s pl f |000 0 pol  uhttp://koha.tu.koszalin.pl/cgi-bin/koha/opac-detail.pl?biblionumber=42059yKatalog online BPK